00473nam a2200169Ia 450000500170000000800410001702000100005804000190006804100120008708200160009910000180011524500760013326000380020930000120024765000340025985000100029320221213112412.0131103s9999 xx 000 0 und d cRs.15 aLoreto College aEnglish a812.52bMIL aMiller,Arthur aArthur Miller's collected playsb with an introduction cArthur Miller aBombaybAllied Publishingcc 1973 a439 p.  aAmerican Drama - 20th Century aLCLIB